000 00555nam a22001457a 4500
005 20241023093143.0
008 241023b |||||||| |||| 00| 0 eng d
100 _aSilvestre, Magnolia.
_eauthor.
_963362
245 _aHotpot for luck and endless nights /
_cMagnolia Silvestre, and Marlon Aldenese.
260 _aPhilippines;
_bPhilippine Graphic Publishing Inc.,
_cJanuary 2020.
300 _aVolume 20, pages 60-61,
_billustration.
700 _aSilvestre, Magnolia.
_eauthor.
_963361
700 _aAldenese, Marlon.
_eauthor.
_963364
942 _2ddc
_cPER
999 _c22839
_d22839